header

Understanding eating difficulties in children (Record no. 131220)

MARC details
000 -LEADER
fixed length control field 01238nam a2200313 a 4500
245 00 - TITLE STATEMENT
Title Understanding eating difficulties in children
260 ## - PUBLICATION, DISTRIBUTION, ETC. (IMPRINT)
Place of publication London :
Name of publisher Karnac Books,
Year of publication 2003.
300 ## - PHYSICAL DESCRIPTION
Number of Pages xxiv, 142 p.
490 0# - SERIES STATEMENT
Series statement Generosity of acceptance ;
650 #0 - SUBJECT ADDED ENTRY--TOPICAL TERM
Topical Term Eating disorders in children.
Topical Term Appetite disorders.
700 1# - ADDED ENTRY--PERSONAL NAME
Personal name Williams, Gianna.
856 40 - ELECTRONIC LOCATION AND ACCESS
Uniform Resource Identifier http://site.ebrary.com/lib/rucke/Doc?id=10495869

No items available.

© 2026 Rongo University
Contact us: librarian | system librarian | Rongo university